[Event "Plymouth (MI Op/3/80)"]
[Site "?"]
[Date "1984.??.??"]
[Round "?"]
[White "Bolda, M.."]
[Black "Yuhas, L.."]
[Result "0-1"]
[WhiteElo "1605"]
[BlackElo "1785"]
[PlyCount "84"]
[EventDate "1984.??.??"]

{3/(80)} 1. c4 e5 2. Nc3 Nc6 3. d3 f5 4. Nf3 Nf6 5. g3 Bc5 6. Bg2 a6 7. O-O O-O
8. Bg5 h6 9. Bd2 d6 10. Qc1 Kh7 11. e4 f4 12. gxf4 Nd4 13. f5 b5 14. Nxd4 Bxd4
15. cxb5 Ng4 16. Be1 Rh8 17. h3 h5 18. Ne2 Bb6 19. Kh1 Kg8 20. Ng1 axb5 21. Nf3
Ba6 22. Ng5 Qf6 23. h4 b4 24. a3 Bxd3 25. Qd1 Bc4 26. b3 Bf7 27. axb4 Rxa1 28.
Qxa1 g6 29. f4 Ne3 30. fxe5 dxe5 31. fxg6 Nxf1 32. Nxf7 Kg7 33. Qc1 Ne3 34. Qd2
Re8 35. Bf2 Ng4 36. Bxb6 Qxh4+ 37. Kg1 cxb6 38. Ng5 Qh2+ 39. Kf1 Rf8+ 40. Nf3
Rxf3+ 41. Ke1 Qg1+ 42. Ke2 Qxg2+ 0-1

[Event "Plymouth (MI Op/7/68)"]
[Site "?"]
[Date "1984.??.??"]
[Round "?"]
[White "Bolda, M.."]
[Black "Davis, J.."]
[Result "0-1"]
[WhiteElo "1605"]
[BlackElo "1750"]
[PlyCount "94"]
[EventDate "1984.??.??"]

{7/(68)} 1. c4 c5 2. Nc3 Nf6 3. g3 g6 4. Bg2 Bg7 5. Nf3 O-O 6. Rb1 Nc6 7. d3 d6
8. O-O Bd7 9. Bd2 a6 10. Qc1 Re8 11. a3 Rc8 12. e3 e5 13. Ne2 Qc7 14. b4 b6 15.
b5 axb5 16. Rxb5 Ra8 17. Qb2 Ra6 18. Rb3 Rb8 19. Nc3 Be8 20. Rb1 Qd8 21. Nb5 e4
22. Ng5 d5 23. Qc2 exd3 24. Rxd3 Ne5 25. Rc3 Nxc4 26. e4 Nxd2 27. Qxd2 h6 28.
e5 Ng4 29. Nf3 d4 30. Rcb3 Nxe5 31. Nxe5 Bxe5 32. Qxh6 Bg7 33. Qf4 Bxb5 34.
Rxb5 g5 35. Qc1 d3 36. Qd2 c4 37. Rc1 Qd4 38. Rxg5 Rxa3 39. Rd5 Qg4 40. f3 Qc8
41. Rg5 Qe6 42. Rxg7+ Kxg7 43. Qb2+ Kg8 44. Qxa3 b5 45. Qb2 Qe3+ 46. Kh1 d2 47.
Rg1 b4 0-1

[Event "Plymouth (MI Op/1b/36)"]
[Site "?"]
[Date "1984.??.??"]
[Round "?"]
[White "Bolda, M.."]
[Black "Alexander, J.."]
[Result "0-1"]
[WhiteElo "1605"]
[BlackElo "1605"]
[PlyCount "78"]
[EventDate "1984.??.??"]

1. c4 Nf6 2. Nc3 e6 3. Nf3 d5 4. cxd5 exd5 5. e3 c6 6. d4 Bf5 7. Be2 Nbd7 8.
O-O Bd6 9. Nh4 Bg6 10. f4 Ne4 11. Qe1 Qc7 12. Bf3 Ndf6 13. g4 Nxc3 14. Nxg6
hxg6 15. bxc3 O-O-O 16. g5 Ne4 17. Bxe4 dxe4 18. Qe2 Qd7 19. Qg2 Qh3 20. Qxh3+
Rxh3 21. Rf2 Rdh8 22. Rb1 R8h4 23. Rbb2 Ba3 24. Rfe2 Bxb2 25. Bxb2 Rf3 26. Bc1
Rg4+ 27. Rg2 Rh4 28. Bd2 Rhh3 29. Re2 Kd7 30. a3 b5 31. Kg2 Ke6 32. Bc1 Kd5 33.
Kg1 Kc4 34. Bd2 Kb3 35. Rf2 Rxf2 36. Kxf2 Rxh2+ 37. Ke1 Rxd2 38. Kxd2 Kb2 39.
a4 bxa4 0-1

[Event "Plymouth (MI Op/5/57)"]
[Site "?"]
[Date "1984.??.??"]
[Round "?"]
[White "Bolda, Dan H"]
[Black "West, J.."]
[Result "1-0"]
[WhiteElo "1895"]
[BlackElo "1605"]
[PlyCount "37"]
[EventDate "1984.??.??"]

{5/(57)} 1. d3 e5 2. Nf3 Nc6 3. g3 Bc5 4. Bg2 d6 5. c4 Nf6 6. Nc3 Bf5 7. e4 Ng4
8. exf5 Nxf2 9. Qe2 Nxh1 10. Bxh1 Qd7 11. Nd5 Nd4 12. Nxd4 Bxd4 13. f6 g6 14.
Bh6 O-O-O 15. Qe4 c6 16. Ne7+ Kb8 17. Rb1 Qh3 18. Nxc6+ Kc8 19. Nxa7+ 1-0

[Event "Plymouth (MI Op/7/34)"]
[Site "?"]
[Date "1984.??.??"]
[Round "?"]
[White "Bolda, Dan H"]
[Black "Richardson, R.."]
[Result "1-0"]
[WhiteElo "1895"]
[BlackElo "1665"]
[PlyCount "93"]
[EventDate "1984.??.??"]

{7/(34)} 1. e4 d5 2. exd5 Nf6 3. c4 c6 4. dxc6 Nxc6 5. Nf3 e5 6. Nc3 Bf5 7. a3
Be7 8. Be2 O-O 9. O-O Qd7 10. Nh4 Be6 11. d3 Rfd8 12. Nf3 Bf5 13. Bg5 Bxd3 14.
Bxd3 Qxd3 15. Qxd3 Rxd3 16. Rfe1 h6 17. Bh4 Bd6 18. Rad1 Rxd1 19. Rxd1 Rd8 20.
Nb5 Bc7 21. Rxd8+ Bxd8 22. Kf1 g5 23. Bg3 e4 24. Nd2 Be7 25. Nc3 e3 26. fxe3
Bc5 27. e4 Bd4 28. Ke2 Bxc3 29. bxc3 Ng4 30. h3 Nge5 31. Bxe5 Nxe5 32. Ke3 Kf8
33. Kd4 f6 34. Nf3 Nc6+ 35. Kd5 Ke7 36. Nd4 Ne5 37. Nf5+ Kd7 38. Nxh6 Ng6 39.
g3 Ne7+ 40. Kc5 Kc7 41. Nf5 Ng6 42. Kd5 Kd7 43. c5 Nf8 44. Nd4 a6 45. c6+ bxc6+
46. Nxc6 Ng6 47. Nb8+ 1-0

[Event "Plymouth (MI Op/1b/23)"]
[Site "?"]
[Date "1984.??.??"]
[Round "?"]
[White "Bolda, Dan H"]
[Black "Proszkow, T.."]
[Result "1/2-1/2"]
[WhiteElo "1895"]
[BlackElo "1655"]
[PlyCount "95"]
[EventDate "1984.??.??"]

1. d3 e5 2. Nf3 Nc6 3. g3 Nf6 4. Bg2 Bc5 5. O-O d6 6. c4 h6 7. a3 a5 8. Nc3 Be6
9. Be3 Bxe3 10. fxe3 Qd7 11. Nd2 Bh3 12. Nde4 Nxe4 13. Nxe4 Bxg2 14. Kxg2 f5
15. Nc3 O-O 16. Qb3 f4 17. exf4 Nd4 18. Qxb7 Nc2 19. Nd5 Nxa1 20. Rxa1 Rab8 21.
Qxc7 Qxc7 22. Nxc7 Rxb2 23. Kf3 exf4 24. gxf4 Rf7 25. Nb5 Kf8 26. Nxd6 Rf6 27.
Ne4 Rf5 28. h4 Ke7 29. c5 Ke6 30. Rc1 Kd7 31. c6+ Kc7 32. Nd6 Rf8 33. Nc4 Rb5
34. Ne5 Rxe5 35. d4 Rd5 36. Ke4 Rh5 37. d5 Rd8 38. Rc5 Re8+ 39. Kd4 Rxh4 40.
Rxa5 Rxf4+ 41. Kc5 Kb8 42. Kb6 Rf6 43. Ra7 g5 44. Rb7+ Ka8 45. Rd7 g4 46. d6
Rb8+ 47. Ka6 Rc8 48. Ra7+ 1/2-1/2

[Event "Plymouth (MI Op/4/46)"]
[Site "?"]
[Date "1984.??.??"]
[Round "?"]
[White "Bolda, Dan H"]
[Black "Perczak, M.."]
[Result "0-1"]
[WhiteElo "1895"]
[BlackElo "1605"]
[PlyCount "62"]
[EventDate "1984.??.??"]

{4/(46)} 1. d3 d5 2. Nf3 e6 3. g3 Nd7 4. Bg2 Ngf6 5. O-O Bd6 6. Nc3 c6 7. Re1
e5 8. d4 e4 9. Nh4 h6 10. Nf5 Bf8 11. f3 g6 12. Nh4 Qe7 13. fxe4 dxe4 14. Rf1
Nb6 15. Bh1 Bd7 16. Ng2 Bh3 17. Rf2 Ng4 18. Rf4 f5 19. Nh4 Qe6 20. Bxe4 Bd6 21.
Nxf5 gxf5 22. Bxf5 Qg8 23. Re4+ Kd8 24. Re6 Qf8 25. e4 h5 26. d5 Bc5+ 27. Kh1
Nf2+ 28. Kg1 Nxd1+ 29. Kh1 Nf2+ 30. Kg1 Nxe4+ 31. Kh1 Qxf5 0-1

[Event "Plymouth (MI Op/6/42)"]
[Site "?"]
[Date "1984.??.??"]
[Round "?"]
[White "Bolda, Dan G"]
[Black "Swathell, Gary"]
[Result "1-0"]
[WhiteElo "1860"]
[BlackElo "1640"]
[PlyCount "93"]
[EventDate "1984.??.??"]

{6/(42)} 1. c4 Nf6 2. Nc3 d5 3. cxd5 Nxd5 4. g3 g6 5. Bg2 Nf6 6. Nf3 Bg7 7. O-O
O-O 8. Rb1 Nc6 9. b4 Bf5 10. d3 Rb8 11. Bd2 a6 12. a4 Nd5 13. Nxd5 Qxd5 14. e4
Qxd3 15. exf5 Qxf5 16. b5 axb5 17. axb5 Nd4 18. Nxd4 Bxd4 19. Bh6 Rfd8 20. Qe2
e6 21. Rbc1 c6 22. bxc6 bxc6 23. Bxc6 Rb2 24. Qf3 Qxf3 25. Bxf3 Bg7 26. Bg5
Rdb8 27. Rfd1 h6 28. Rd8+ Kh7 29. Rxb8 Rxb8 30. Be3 Kg8 31. h4 h5 32. Rc7 Rd8
33. Bg5 Rd3 34. Kg2 Rc3 35. Ra7 Rc2 36. Be3 Rc4 37. Be2 Rc2 38. Bb5 Rb2 39. Be8
g5 40. Bxf7+ Kh8 41. hxg5 Rb8 42. g6 e5 43. Ra1 e4 44. Rh1 Rb5 45. g4 Bf6 46.
g5 Bd8 47. Bd4+ 1-0

[Event "Plymouth (MI Op/1b/2)"]
[Site "?"]
[Date "1984.??.??"]
[Round "?"]
[White "Bolda, Dan G"]
[Black "O'Donnell, Robert"]
[Result "0-1"]
[WhiteElo "1860"]
[BlackElo "2310"]
[PlyCount "82"]
[EventDate "1984.??.??"]

1. d4 d5 2. e3 Nf6 3. Bd3 g6 4. Nd2 Bg7 5. f4 c5 6. c3 b6 7. Ngf3 Bb7 8. O-O
Nbd7 9. Ne5 O-O 10. Rf3 Ne4 11. Bb5 Ndf6 12. g4 a6 13. Ba4 Qc7 14. Bc2 Ne8 15.
g5 N8d6 16. Rh3 f6 17. gxf6 exf6 18. Nxe4 dxe4 19. Ng4 Rfe8 20. Bb3+ c4 21. Bc2
Nf5 22. Bd2 Bd5 23. Nf2 Bf8 24. Kh1 Bd6 25. Qg4 Qg7 26. Rg1 Ra7 27. Bc1 Rae7
28. Qe2 Bxf4 29. exf4 e3+ 30. Ne4 Rxe4 31. Bxe4 Bxe4+ 32. Rg2 b5 33. Kg1 Bxg2
34. Kxg2 Qb7+ 35. Kg1 Qe4 36. Rf3 Qd3 37. Kf1 b4 38. Rh3 bxc3 39. bxc3 Qxc3 40.
Bb2 Qd3 41. a3 Re4 0-1

[Event "Plymouth (MI Op/3/44)"]
[Site "?"]
[Date "1984.??.??"]
[Round "?"]
[White "Bolda, Dan G"]
[Black "Haley, W.."]
[Result "1-0"]
[WhiteElo "1860"]
[BlackElo "1605"]
[PlyCount "73"]
[EventDate "1984.??.??"]

{3/(44)} 1. c4 e5 2. Nc3 Nf6 3. g3 d6 4. Bg2 c6 5. Nf3 g6 6. O-O Bg7 7. d3 O-O
8. Rb1 a5 9. a3 Nbd7 10. b4 Re8 11. b5 e4 12. Ng5 d5 13. bxc6 bxc6 14. cxd5
cxd5 15. dxe4 h6 16. Nxf7 Kxf7 17. Nxd5 Nxe4 18. Bxe4 Rxe4 19. Nc7 Ra7 20. Qd5+
Kf8 21. Qxe4 Qxc7 22. Bf4 Qd8 23. Qxg6 Qf6 24. Qc2 Bb7 25. Rxb7 Rxb7 26. Qc8+
Ke7 27. Qxb7 Qb6 28. Qe4+ Qe6 29. Qc2 Kf7 30. Rd1 Nf6 31. Rb1 Nd5 32. Qd2 Nc3
33. Rb7+ Kg6 34. Qd3+ Kh5 35. Rxg7 Nxe2+ 36. Kf1 Nxf4 37. Qf3+ 1-0

[Event "Plymouth (MI Op/4/13)"]
[Site "?"]
[Date "1984.??.??"]
[Round "?"]
[White "Bohley, D.."]
[Black "Shaler, Terri"]
[Result "1/2-1/2"]
[WhiteElo "2020"]
[BlackElo "1605"]
[PlyCount "46"]
[EventDate "1984.??.??"]

{4/(13)} 1. e4 e5 2. Nc3 Nf6 3. g3 Bc5 4. Bg2 Nc6 5. Nge2 d6 6. d3 Ng4 7. O-O
Qf6 8. Qe1 Nb4 9. Nd5 Nxd5 10. exd5 Qxf2+ 11. Rxf2 Bxf2+ 12. Qxf2 Nxf2 13. Kxf2
Bf5 14. Be3 O-O 15. Nc3 a6 16. Rf1 Bg6 17. Kg1 f5 18. Bd2 Rae8 19. Re1 h6 20.
Rf1 e4 21. dxe4 fxe4 22. Rxf8+ Kxf8 23. Be3 c6 1/2-1/2

[Event "East Detroit (MCO/1/17)"]
[Site "?"]
[Date "1984.??.??"]
[Round "?"]
[White "Bohley, D.."]
[Black "Roberts, Kenneth"]
[Result "1-0"]
[WhiteElo "2020"]
[BlackElo "1605"]
[PlyCount "57"]
[EventDate "1984.??.??"]

{1/(17)} 1. e4 e6 2. b3 d5 3. Bb2 Nf6 4. exd5 exd5 5. Nf3 Bd6 6. Be2 O-O 7. O-O
c5 8. d4 Nbd7 9. c4 cxd4 10. cxd5 Nxd5 11. Qxd4 N7f6 12. Nc3 Qb6 13. Nxd5 Qxd4
14. Nxd4 Nxd5 15. Bf3 Ne7 16. Nb5 Nf5 17. Nxd6 Nxd6 18. Ba3 Nb5 19. Bxf8 Kxf8
20. Rfd1 Ke8 21. Rac1 Rb8 22. Rc5 a6 23. a4 Na7 24. Rc7 Be6 25. Rd3 Rc8 26.
Rdc3 Rxc7 27. Rxc7 Bxb3 28. Rxb7 Nc8 29. Rxb3 1-0

[Event "Plymouth (MI Op/2/5)"]
[Site "?"]
[Date "1984.??.??"]
[Round "?"]
[White "Bohley, D.."]
[Black "Marfia, J.."]
[Result "0-1"]
[WhiteElo "2020"]
[BlackElo "2170"]
[PlyCount "133"]
[EventDate "1984.??.??"]

{2/(5)} 1. e4 c5 2. b3 d6 3. Bb2 Nc6 4. Nc3 Nf6 5. f4 e6 6. Bb5 Bd7 7. Nf3 Be7
8. O-O O-O 9. Kh1 a6 10. Bxc6 Bxc6 11. Qe2 b5 12. e5 dxe5 13. fxe5 Ng4 14. Ne4
Qd5 15. Ng3 Rad8 16. d3 f6 17. Rae1 f5 18. Bc1 Be8 19. h3 Nh6 20. Bg5 Bxg5 21.
Nxg5 Nf7 22. Nxf7 Rxf7 23. Nh5 Re7 24. Rf4 Qc6 25. Ng3 Rd4 26. Rff1 Red7 27.
Qf3 Qxf3 28. Rxf3 c4 29. Ne2 Rh4 30. bxc4 bxc4 31. dxc4 Rxc4 32. c3 Bh5 33. Re3
Bxe2 34. R1xe2 Rd1+ 35. Kh2 Rc1 36. Rb2 R1xc3 37. Rxc3 Rxc3 38. Re2 g5 39. Kg1
f4 40. Kf2 Kf7 41. Rd2 Rc5 42. Rd7+ Kg6 43. Rd6 Rxe5 44. Rxa6 h5 45. a4 g4 46.
hxg4 hxg4 47. a5 Kf5 48. Ra8 g3+ 49. Kf1 Rb5 50. a6 Ra5 51. a7 Ke5 52. Ke2 Ra3
53. Kf1 Ra2 54. Ke1 Ke4 55. Re8 Ra1+ 56. Ke2 Rxa7 57. Rxe6+ Kf5 58. Re8 Ra2+
59. Kf1 Ra1+ 60. Ke2 Rg1 61. Rf8+ Ke5 62. Kf3 Rf1+ 63. Kg4 Rf2 64. Re8+ Kd4 65.
Re7 Kd3 66. Re8 Re2 67. Rf8 0-1

[Event "Plymouth (MI Op/7/10)"]
[Site "?"]
[Date "1984.??.??"]
[Round "?"]
[White "Bohley, D.."]
[Black "Johnson, Ty"]
[Result "1/2-1/2"]
[WhiteElo "2020"]
[BlackElo "2120"]
[PlyCount "95"]
[EventDate "1984.??.??"]

{7/(10)} 1. e4 Nf6 2. Nc3 d6 3. d4 g6 4. Bg5 Bg7 5. e5 Nfd7 6. f4 Nb6 7. Nf3 c6
8. Be2 Be6 9. O-O O-O 10. Bh4 f6 11. exf6 exf6 12. b3 Qc7 13. Qd2 N8d7 14. Rae1
Rae8 15. Kh1 Kh8 16. Bf2 d5 17. Bd3 f5 18. Bh4 Nc8 19. Ne2 Nd6 20. Ne5 Ne4 21.
Bxe4 dxe4 22. c4 b6 23. Nc3 Qd6 24. Qe3 Rc8 25. Rc1 Bf6 26. Bxf6+ Nxf6 27. Rfd1
Rfd8 28. Qf2 Kg7 29. Qe3 Qe7 30. Kg1 Qb7 31. Qe2 Qe7 32. Qe3 Bf7 33. Rd2 Rd6
34. Rcd1 Nd7 35. g3 a6 36. Kf2 Kg8 37. Kg1 Rd8 38. Kg2 c5 39. Nxd7 cxd4 40.
Rxd4 R8xd7 41. Kf2 Qd8 42. Rxd6 Rxd6 43. Rxd6 Qxd6 44. Ke2 Kf8 45. Qd2 Qxd2+
46. Kxd2 Ke7 47. Ke3 Kd6 48. Kd4 1/2-1/2

[Event "East Detroit (MCO/3/4)"]
[Site "?"]
[Date "1984.??.??"]
[Round "?"]
[White "Bohley, D.."]
[Black "Finegold, Ben"]
[Result "1-0"]
[WhiteElo "2020"]
[BlackElo "2280"]
[PlyCount "47"]
[EventDate "1984.??.??"]

{3/(4)} 1. e4 e6 2. b3 d5 3. Bb2 dxe4 4. Nc3 Nf6 5. Qe2 Bb4 6. O-O-O Bxc3 7.
dxc3 Nbd7 8. g4 a5 9. Kb1 O-O 10. h4 b6 11. g5 Ba6 12. c4 Ne8 13. Qxe4 Nd6 14.
Qd4 e5 15. Qg4 Bb7 16. Bg2 Bxg2 17. Qxg2 Qe7 18. Ne2 b5 19. cxb5 Nxb5 20. Qc6
Nd6 21. Qxc7 Ra6 22. Ba3 Nb5 23. Bxe7 Nxc7 24. Rxd7 1-0

[Event "East Detroit (MCO/5/6)"]
[Site "?"]
[Date "1984.??.??"]
[Round "?"]
[White "Bohley, D.."]
[Black "Findlay, I.."]
[Result "0-1"]
[WhiteElo "2020"]
[BlackElo "2340"]
[PlyCount "86"]
[EventDate "1984.??.??"]

{5/(6)} 1. e4 c5 2. b3 d6 3. Bb2 Nf6 4. Nc3 e6 5. Nf3 Be7 6. Bb5+ Nbd7 7. e5
dxe5 8. Nxe5 O-O 9. Bxd7 Nxd7 10. Nf3 b6 11. O-O Bb7 12. Re1 Bf6 13. d3 Qb8 14.
Qe2 Qf4 15. Nd1 Rad8 16. Bxf6 Nxf6 17. Qe5 Nd5 18. Qxf4 Nxf4 19. Nc3 f6 20. a4
a5 21. Re3 e5 22. Nb5 Rfe8 23. Nc3 Kf7 24. Kf1 g5 25. g3 Ne6 26. Nb5 h5 27. Nd2
Nd4 28. Nxd4 cxd4 29. Re2 Re6 30. Nc4 h4 31. Rae1 Bf3 32. Rd2 Ke7 33. Kg1 Kd7
34. Kf1 Kc6 35. Na3 Kc5 36. Nc4 Kb4 37. Kg1 Kc3 38. Rde2 Bxe2 39. Rxe2 h3 40.
Kf1 g4 41. Ke1 Rde8 42. Kd1 f5 43. Ke1 e4 0-1

[Event "Plymouth (MI Op/5/12)"]
[Site "?"]
[Date "1984.??.??"]
[Round "?"]
[White "Bemben, R.."]
[Black "Hahn, David"]
[Result "0-1"]
[WhiteElo "1930"]
[BlackElo "2100"]
[PlyCount "62"]
[EventDate "1984.??.??"]

{5/(12)} 1. d4 Nf6 2. Nf3 g6 3. c4 Bg7 4. Nc3 O-O 5. e4 d6 6. Be2 Nbd7 7. O-O
e5 8. d5 Nc5 9. Qc2 a5 10. Be3 b6 11. h3 Bd7 12. Rad1 Nh5 13. Bg5 f6 14. Bh4
Nf4 15. Rfe1 g5 16. Bg3 f5 17. Bxf4 exf4 18. exf5 Bxf5 19. Qc1 Qf6 20. Nd4 Bd7
21. Bg4 Bxg4 22. hxg4 Rae8 23. Ndb5 Rxe1+ 24. Rxe1 Nd3 25. Qd2 Nxe1 26. Qxe1
Qf7 27. Na4 Re8 28. Qd2 Qe7 29. Kf1 Qe4 30. Na3 f3 31. g3 Qxg4 0-1

[Event "Plymouth (MI Op/3/38)"]
[Site "?"]
[Date "1984.??.??"]
[Round "?"]
[White "Bemben, R.."]
[Black "Dinda, B.."]
[Result "1-0"]
[WhiteElo "1930"]
[BlackElo "1605"]
[PlyCount "61"]
[EventDate "1984.??.??"]

{3/(38)} 1. c4 e5 2. Nc3 c5 3. g3 Nc6 4. Bg2 d6 5. d3 f5 6. f4 Nf6 7. Qc2 Bd7
8. Nf3 Nb4 9. Qb1 Bc6 10. O-O e4 11. Nh4 exd3 12. Nxf5 dxe2 13. Re1 Bxg2 14.
Rxe2+ Kd7 15. Kxg2 g6 16. Nh4 Be7 17. f5 Ng4 18. Nf3 g5 19. Qe4 Ne5 20. Nxe5+
dxe5 21. Qxe5 Nc6 22. Qe6+ Ke8 23. Bxg5 Qc7 24. Nb5 Qd8 25. f6 h6 26. Nd6+ Qxd6
27. Qxd6 Rd8 28. Rxe7+ Kf8 29. Rd7+ Kg8 30. Qe6+ Kf8 31. Qf7# 1-0

[Event "Battle Creek (Insanity/1/2)"]
[Site "?"]
[Date "1984.??.??"]
[Round "?"]
[White "Beckwith, Stan"]
[Black "Morris, Jason"]
[Result "1-0"]
[WhiteElo "1890"]
[BlackElo "1675"]
[PlyCount "47"]
[EventDate "1984.??.??"]

{1/(2)} 1. d4 Nf6 2. c4 g6 3. Nc3 d5 4. cxd5 Nxd5 5. e4 Nxc3 6. bxc3 Bg7 7. Bc4
c5 8. Be3 O-O 9. Ne2 cxd4 10. cxd4 b5 11. Bd5 Nc6 12. Bxc6 Rb8 13. O-O e6 14.
Rb1 Ba6 15. d5 exd5 16. exd5 Qa5 17. Bxa7 Rbd8 18. Bc5 b4 19. Bxf8 Kxf8 20. Re1
Qxa2 21. Rxb4 Bxe2 22. Qxe2 Qxe2 23. Rxe2 f5 24. g3 1-0

[Event "Battle Creek (Insanity/5/3)"]
[Site "?"]
[Date "1984.??.??"]
[Round "?"]
[White "Beckwith, Stan"]
[Black "Manion, Tom"]
[Result "1-0"]
[WhiteElo "1890"]
[BlackElo "1740"]
[PlyCount "71"]
[EventDate "1984.??.??"]

{5/(3)} 1. d4 d5 2. c4 e6 3. Nc3 Nf6 4. Nf3 b6 5. cxd5 Nxd5 6. e4 Nxc3 7. bxc3
Bb7 8. Bd3 c5 9. Be3 Qc7 10. O-O Be7 11. Rc1 O-O 12. Ng5 Nd7 13. e5 g6 14. Qg4
h5 15. Qg3 Bxg5 16. Bxg5 Kg7 17. Bf6+ Kh7 18. Qg5 Nxf6 19. exf6 Rh8 20. Qxh5+
Kg8 21. Qe5 Qc6 22. f3 Qd7 23. g4 Rc8 24. Be4 Ba6 25. Rfd1 Qa4 26. d5 Bc4 27.
dxe6 Bxe6 28. Bxg6 Qxa2 29. Bb1 Qxh2+ 30. Qxh2 Rxh2 31. Kxh2 a5 32. Rd6 Kf8 33.
Rcd1 Ke8 34. Bc2 b5 35. Kg3 b4 36. Rh1 1-0

[Event "Battle Creek (Insanity/3/4)"]
[Site "?"]
[Date "1984.??.??"]
[Round "?"]
[White "Beckwith, Stan"]
[Black "Brattin, Brian"]
[Result "1-0"]
[WhiteElo "1890"]
[BlackElo "1680"]
[PlyCount "103"]
[EventDate "1984.??.??"]

{3/(4)} 1. d4 Nf6 2. c4 e6 3. Nc3 Bb4 4. a3 Bxc3+ 5. bxc3 c5 6. f3 Nc6 7. e4
O-O 8. Be3 Qa5 9. Qd2 d6 10. Bd3 e5 11. d5 Nd8 12. Ne2 b6 13. O-O Qa4 14. Ng3
Ba6 15. Qe2 g6 16. Rfb1 Nb7 17. Nf1 Na5 18. Nd2 Bc8 19. Bg5 Ne8 20. Be7 f5 21.
Bxf8 Kxf8 22. exf5 Bxf5 23. Bxf5 gxf5 24. Qd3 Qd7 25. Rf1 Qf7 26. Rf2 Qg6 27.
g4 f4 28. Qxg6 hxg6 29. h4 Nf6 30. Kf1 Kg7 31. Ke2 Rh8 32. Rh1 Rh7 33. Rfh2 Rh8
34. Kd3 Rh7 35. g5 Nh5 36. Ne4 Nb7 37. Rg2 Rh8 38. a4 Rd8 39. Rhg1 Na5 40. Rb1
Kf7 41. Rb5 Nb7 42. Ra2 Ke7 43. Nd2 Ng3 44. Nb3 Nf5 45. Rh2 Rh8 46. a5 Nxa5 47.
Nxa5 bxa5 48. Rb7+ Kf8 49. Rxa7 Rxh4 50. Rb2 Ne7 51. Rb8+ Kf7 52. Rbb7 1-0

[Event "East Detroit (MCO/5/37)"]
[Site "?"]
[Date "1984.??.??"]
[Round "?"]
[White "Becker, A.."]
[Black "Williams, C.."]
[Result "0-1"]
[WhiteElo "1665"]
[BlackElo "1605"]
[PlyCount "94"]
[EventDate "1984.??.??"]

{5/(37)} 1. Nf3 Nf6 2. d4 d5 3. Nc3 e6 4. a3 Nbd7 5. g3 g6 6. Bg2 Bg7 7. O-O
O-O 8. Re1 c5 9. Bg5 cxd4 10. Nxd4 Qb6 11. Nb3 Ng4 12. e3 h6 13. Bxh6 Bxh6 14.
Qxg4 Nf6 15. Qd1 Bg7 16. Na4 Qc7 17. c3 Bd7 18. Nac5 Bc6 19. Nd4 Qb6 20. Nxc6
bxc6 21. b4 Rfd8 22. Qb3 Nd7 23. Nxd7 Rxd7 24. Rab1 Bf6 25. c4 Kg7 26. cxd5
cxd5 27. Rbc1 Qd8 28. Red1 Qh8 29. Qa4 Rad8 30. Rc6 Qh5 31. Rdc1 Rh8 32. h3 Rh6
33. Qc2 Rd8 34. b5 Rdh8 35. Rc8 R8h7 36. a4 g5 37. Qc5 Qe2 38. Qc2 Qh5 39. Qc5
Qe2 40. b6 Rxh3 41. Bxh3 Rxh3 42. bxa7 Qf3 43. Rg8+ Kh7 44. Qc2+ Kxg8 45. a8=Q+
Kg7 46. Qh8+ Rxh8 47. Kf1 Rh1# 0-1

[Event "East Detroit (MCO/3/17)"]
[Site "?"]
[Date "1984.??.??"]
[Round "?"]
[White "Becker, A.."]
[Black "Noren, Kevin"]
[Result "0-1"]
[WhiteElo "1665"]
[BlackElo "2225"]
[PlyCount "92"]
[EventDate "1984.??.??"]

{3/(17)} 1. d4 Nf6 2. c4 e6 3. a3 c5 4. e3 d5 5. Nf3 a6 6. Nc3 dxc4 7. Bxc4
Nbd7 8. O-O b5 9. Be2 Bb7 10. Re1 Bd6 11. Bd3 O-O 12. e4 cxd4 13. Nxd4 Qc7 14.
Nf3 Ne5 15. g3 Nxd3 16. Qxd3 Rfd8 17. Qe2 Ng4 18. Kg2 Bc5 19. Rf1 f5 20. h3
Nxf2 21. Rxf2 Bxf2 22. Kxf2 fxe4 23. Nxe4 Rf8 24. Bf4 e5 25. Bd2 Qc6 26. Re1
Rad8 27. Kg2 Qxe4 28. Qxe4 Bxe4 29. Rxe4 Rxf3 30. Kxf3 Rxd2 31. Rxe5 Rxb2 32.
Re3 Kf7 33. Ke4 a5 34. Kd5 a4 35. Kc5 Rb3 36. Re4 Rxa3 37. Kxb5 Rxg3 38. h4 a3
39. Ra4 h5 40. Ra7+ Kg6 41. Ra6+ Kf5 42. Ra5 Kg4 43. Ra4+ Kh3 44. Kc5 a2 45.
Rxa2 Kxh4 46. Ra7 Rg5+ 0-1

[Event "East Detroit (MCO/1/4)"]
[Site "?"]
[Date "1984.??.??"]
[Round "?"]
[White "Becker, A.."]
[Black "Finegold, Ben"]
[Result "0-1"]
[WhiteElo "1665"]
[BlackElo "2280"]
[PlyCount "61"]
[EventDate "1984.??.??"]

{1/(4)} 1. d4 d5 2. c4 e5 3. e3 Nc6 4. cxd5 Qxd5 5. Nc3 Bb4 6. Nf3 Bg4 7. h3
Bxf3 8. Qxf3 Qxf3 9. gxf3 exd4 10. exd4 Nxd4 11. Bd3 Nxf3+ 12. Kf1 O-O-O 13.
Bf5+ Kb8 14. Be3 Nf6 15. Nb5 a6 16. Nc3 Bxc3 17. bxc3 Nd5 18. Be4 Nxe3+ 19. Ke2
Nd2 20. Kxe3 Rhe8 21. f3 f5 22. Rad1 Nc4+ 23. Kf4 fxe4 24. Rxd8+ Rxd8 25. fxe4
Rf8+ 26. Kg4 Ne5+ 27. Kg3 Rf3+ 28. Kg2 Rxc3 29. Rf1 Rc2+ 30. Rf2 Rxf2+ 31. Kxf2
0-1

[Event "Plymouth (MI Op/4/28)"]
[Site "?"]
[Date "1984.??.??"]
[Round "?"]
[White "Baze, Lineas"]
[Black "Sacco, G.."]
[Result "1/2-1/2"]
[WhiteElo "1965"]
[BlackElo "1740"]
[PlyCount "122"]
[EventDate "1984.??.??"]

{4/(28)} 1. e4 c6 2. d4 d5 3. Nc3 dxe4 4. Nxe4 Bf5 5. Ng3 Bg6 6. Nf3 Nd7 7. Bd3
Ngf6 8. O-O Qc7 9. c4 e6 10. Be3 Be7 11. Rc1 Bxd3 12. Qxd3 Rd8 13. Qc2 O-O 14.
Rfe1 Rfe8 15. Ng5 h6 16. Nf3 c5 17. b3 b6 18. Rcd1 Nf8 19. Re2 Ng6 20. Red2 Ng4
21. Qe4 Nxe3 22. fxe3 Rd7 23. d5 Red8 24. dxe6 Rxd2 25. Rxd2 Rxd2 26. Nxd2 Qe5
27. exf7+ Kxf7 28. Qf3+ Kg8 29. Qd5+ Kh7 30. Qxe5 Nxe5 31. Nde4 Nd3 32. Ne2 Kg8
33. Nf4 Nc1 34. Nd5 Bd8 35. Ndc3 Kf7 36. Kf2 Ke6 37. Ke1 Nd3+ 38. Ke2 Ne5 39.
h3 h5 40. Nd2 Bf6 41. Nb5 Nc6 42. Nc7+ Kf5 43. Nd5 Bd8 44. Nf1 h4 45. Nd2 g5
46. Nb1 g4 47. Nbc3 gxh3 48. gxh3 Ne5 49. Nb5 Nf7 50. Nxa7 Ng5 51. Nc6 Bf6 52.
Nf4 Ne4 53. a4 Nc3+ 54. Kf3 Ne4 55. Nd5 Nd2+ 56. Ke2 Nxb3 57. e4+ Ke6 58. Nxb6
Kd6 59. Nd5 Bg5 60. Na7 Ke5 61. Nc6+ Kd6 1/2-1/2

[Event "Plymouth (MI Op/2/15)"]
[Site "?"]
[Date "1984.??.??"]
[Round "?"]
[White "Baze, Lineas"]
[Black "Rogan, M.."]
[Result "1-0"]
[WhiteElo "1965"]
[BlackElo "2090"]
[PlyCount "69"]
[EventDate "1984.??.??"]

{2/(15)} 1. e4 e6 2. Nf3 d5 3. exd5 exd5 4. Be2 Nf6 5. O-O Bd6 6. d4 Nbd7 7. c4
dxc4 8. Bxc4 O-O 9. Nc3 b6 10. Nb5 Bb7 11. Nxd6 cxd6 12. Ng5 Rc8 13. b3 d5 14.
Bd3 Ne4 15. Nxh7 Kxh7 16. f3 g6 17. fxe4 dxe4 18. Bc4 f6 19. Qg4 Kg7 20. Ba3
Rh8 21. Be6 Ne5 22. dxe5 Qd4+ 23. Kh1 Rxh2+ 24. Kxh2 Rh8+ 25. Kg3 Qe3+ 26. Rf3
exf3 27. exf6+ Kxf6 28. Bb2+ Ke7 29. Ba3+ Kf6 30. Bb2+ Ke7 31. Qb4+ Ke8 32.
Qb5+ Kf8 33. Ba3+ Kg7 34. Qd7+ Kf6 35. Bb2+ 1-0

[Event "Plymouth (MI Op/5/10)"]
[Site "?"]
[Date "1984.??.??"]
[Round "?"]
[White "Baze, Lineas"]
[Black "Mazuchowski, Tom"]
[Result "0-1"]
[WhiteElo "1965"]
[BlackElo "2115"]
[PlyCount "87"]
[EventDate "1984.??.??"]

{5/(10)} 1. e4 e5 2. Nf3 Nc6 3. Bc4 Nf6 4. O-O Bc5 5. d4 Bxd4 6. Nxd4 Nxd4 7.
f4 d6 8. fxe5 dxe5 9. Bg5 Qe7 10. Nc3 c6 11. Bxf6 gxf6 12. Qh5 Be6 13. Nd5 cxd5
14. exd5 O-O-O 15. dxe6 Nxe6 16. Bb3 Rd2 17. Rad1 Rhd8 18. Rxd2 Rxd2 19. Qxh7
Nf4 20. Qg8+ Kc7 21. Qxf7 Qxf7 22. Bxf7 Rxg2+ 23. Kh1 Rxc2 24. b4 Kd6 25. Rd1+
Ke7 26. Bb3 Rc7 27. h4 Rd7 28. Rg1 Ne6 29. Rg3 Rd4 30. Rh3 Nf4 31. Rh2 Nh5 32.
b5 f5 33. Bc2 Kf6 34. Kg1 Rg4+ 35. Kf2 Rb4 36. a4 e4 37. Rg2 Ke5 38. Ke1 Rc4
39. Kd2 Rc7 40. Rg5 Nf4 41. h5 Kf6 42. Rg8 Nxh5 43. Bb3 Ke5 44. Re8+ 0-1